[Event "Dutch Open 2015"]
[Site "Dieren NED"]
[Date "2015.07.22"]
[Round "2.8"]
[White "Beerdsen, Thomas"]
[Black "Bus, Tom"]
[Result "1-0"]
[WhiteTitle "FM"]
[WhiteElo "2317"]
[BlackElo "2153"]
[WhiteFideId "1030108"]
[BlackFideId "1014374"]
[EventDate "2015.07.21"]

1. e4 c5 2. b3 Nc6 3. Bb2 e5 4. f4 exf4 5. Nf3 Nf6 6. Nc3 Be7 7. Bc4 O-O 8. Qe2
d6 9. O-O-O a6 10. Bd5 Nb4 11. d4 Nbxd5 12. exd5 cxd4 13. Rxd4 Re8 14. g3 Bd7
15. gxf4 Bf8 16. Ne4 Nxe4 17. Rxe4 Bf5 18. Re3 Rxe3 19. Qxe3 Qe8 20. Re1 Qxe3+
21. Rxe3 Bd7 22. Kd2 Re8 23. a4 Rxe3 24. Kxe3 Be7 25. Ba3 Kf8 26. c4 Ke8 27. Nd4
g6 28. Nf3 Bf5 29. a5 Kd7 30. b4 Bh3 31. Bb2 h6 32. Nd2 Kc7 33. Ne4 Bf1 34. Nd2
Bh3 35. Bd4 Bd7 36. Bb6+ Kc8 37. c5 Bb5 38. cxd6 Bxd6 39. Bc5 Kd7 40. Bxd6 Kxd6
41. Kd4 f5 42. h4 Be2 43. Nc4+ Ke7 44. Ne5 Kd6 45. Nf7+ Ke7 46. Nxh6 Kf8 47. d6
Bb5 48. Ke5 Kg7 49. Nxf5+ gxf5 50. Ke6 1-0

[Event "Dutch Open 2015"]
[Site "Dieren NED"]
[Date "2015.07.22"]
[Round "2.9"]
[White "Van Helvoort, Rob"]
[Black "Vereggen, Lars"]
[Result "1/2-1/2"]
[BlackTitle "FM"]
[WhiteElo "2130"]
[BlackElo "2314"]
[WhiteFideId "1005596"]
[BlackFideId "1029258"]
[EventDate "2015.07.21"]

1. d4 g6 2. c4 Bg7 3. Nc3 d6 4. Nf3 Bg4 5. e3 Nf6 6. Be2 O-O 7. h3 Bxf3 8. Bxf3
c6 9. Qb3 Qc7 10. O-O Nbd7 11. e4 e5 12. d5 Nc5 13. Qc2 a5 14. b3 Nfd7 15. g4 f5
16. Bg2 fxg4 17. hxg4 Nf6 18. f3 h5 19. g5 Nh7 20. Be3 Rf7 21. Bh3 Rf4 22. Bxf4
exf4 23. e5 Nxg5 24. Qxg6 Nxh3+ 25. Kh2 Qf7 26. Qxf7+ Kxf7 27. Kxh3 Bxe5 28.
Rac1 Nd3 29. Rcd1 Nb2 30. Rc1 Nd3 1/2-1/2

[Event "Dutch Open 2015"]
[Site "Dieren NED"]
[Date "2015.07.22"]
[Round "2.10"]
[White "Bollen, Guus"]
[Black "Van Foreest, Lucas"]
[Result "1-0"]
[WhiteElo "2088"]
[BlackElo "2294"]
[WhiteFideId "1027883"]
[BlackFideId "1039792"]
[EventDate "2015.07.21"]

1. e4 e5 2. Nc3 Nf6 3. Bc4 Nc6 4. d3 Na5 5. Bb3 Nxb3 6. axb3 d6 7. f4 Be7 8. Nf3
exf4 9. Bxf4 O-O 10. O-O c6 11. Qe1 a6 12. h3 h6 13. Qf2 b5 14. Rae1 Bb7 15. Ne2
Nh5 16. Bh2 c5 17. g4 Nf6 18. Bf4 Nh7 19. h4 d5 20. Nc3 dxe4 21. dxe4 Qd7 22.
Qg3 Rae8 23. g5 hxg5 24. hxg5 b4 25. Nd1 Qe6 26. Nf2 Rc8 27. Nh4 Rfe8 28. Nf5
Bf8 29. Re3 c4 30. Bd6 cxb3 31. cxb3 Rc2 32. Bxf8 Rxf8 33. Nd4 Qc8 34. Nxc2 Qxc2
35. Qh4 Qd2 36. Rg3 Bc8 37. Kg2 Qd6 38. Rd1 Qg6 39. Rd4 a5 40. Rd5 Be6 41. Rxa5
Rb8 42. Qf4 Rc8 43. Rb5 Nf8 44. Rxb4 Qh5 45. Rb8 Rxb8 46. Qxb8 Qe2 47. Rd3 Qh5
48. Qg3 Ng6 49. Kf1 Kh7 50. Ke1 f6 51. gxf6 gxf6 52. Rc3 Kh8 53. Qd6 1-0

[Event "Dutch Open 2015"]
[Site "Dieren NED"]
[Date "2015.07.22"]
[Round "2.11"]
[White "Afek, Yochanan"]
[Black "Lentjes, Noud"]
[Result "0-1"]
[WhiteTitle "IM"]
[WhiteElo "2273"]
[BlackElo "2116"]
[WhiteFideId "2800462"]
[BlackFideId "1029827"]
[EventDate "2015.07.21"]

1. e4 e6 2. d4 d5 3. e5 c5 4. c3 Nc6 5. Nf3 Bd7 6. a3 f6 7. Bd3 Qc7 8. O-O O-O-O
9. Re1 c4 10. Bc2 Qb6 11. Nbd2 Na5 12. Rb1 Kb8 13. b4 cxb3 14. Nxb3 Nxb3 15.
Bxb3 Qc6 16. Qd3 Rc8 17. Bd2 Ne7 18. Rec1 Be8 19. Qe2 Bg6 20. exf6 gxf6 21. Bc2
Nf5 22. Rb3 Ng7 23. Bf4+ Bd6 24. Bg3 Rc7 25. Rcb1 Bxg3 26. hxg3 Rhc8 27. Ne1 Ka8
28. R1b2 Ne8 29. Nd3 Nd6 30. Qxe6 Nc4 31. Qxc6 Rxc6 32. Nb4 Re6 33. Bxg6 hxg6
34. f3 Nxb2 35. Rxb2 Rxc3 36. Nxd5 Rc1+ 37. Kf2 Rd6 38. Nf4 Ra1 39. Nxg6 Rxa3
40. Rd2 b5 41. Ne7 b4 42. Nf5 Rda6 43. Ke2 b3 44. d5 Ra2 45. d6 Kb8 46. d7 Re6+
47. Ne3 Rd6 48. Nc4 Rxd7 0-1

[Event "Dutch Open 2015"]
[Site "Dieren NED"]
[Date "2015.07.22"]
[Round "2.12"]
[White "Beukema, Jasper"]
[Black "Maatman, Nick"]
[Result "1-0"]
[WhiteElo "1942"]
[BlackElo "2266"]
[WhiteFideId "1032984"]
[BlackFideId "1040391"]
[EventDate "2015.07.21"]

1. e4 e6 2. d4 d5 3. Nd2 Be7 4. Bd3 c5 5. dxc5 Nf6 6. Ngf3 O-O 7. O-O a5 8. Qe2
Na6 9. e5 Nd7 10. c3 Ndxc5 11. Bc2 b6 12. Nd4 Nb8 13. Qh5 g6 14. Qh3 Bd7 15.
N2f3 Nc6 16. Qh6 f5 17. exf6 Bxf6 18. Bg5 Qe7 19. Bxf6 Rxf6 20. Nxc6 Bxc6 21.
Ne5 Bb5 22. Rfe1 Raf8 23. f3 Nd7 24. Ng4 Rf4 25. Rad1 Qf7 26. Qg5 Kg7 27. Qh6+
Kg8 28. Qh3 Kg7 29. Nh6 Qe7 30. Rxd5 Nc5 31. Ng4 Bc6 32. Rde5 Qd6 33. Qh6+ Kg8
34. Bxg6 Qd7 35. Rg5 Kh8 36. Rh5 1-0

[Event "Dutch Open 2015"]
[Site "Dieren NED"]
[Date "2015.07.22"]
[Round "2.13"]
[White "Van Foreest, Jorden"]
[Black "Go, Benjamin"]
[Result "1-0"]
[WhiteTitle "IM"]
[WhiteElo "2514"]
[BlackElo "2141"]
[WhiteFideId "1039784"]
[BlackFideId "1014560"]
[EventDate "2015.07.21"]

1. e4 e5 2. Nf3 Nc6 3. d4 exd4 4. Nxd4 Bc5 5. Nb3 Bb6 6. Nc3 Nf6 7. Bg5 h6 8.
Bh4 d6 9. Qe2 g5 10. Bg3 Qe7 11. O-O-O Bg4 12. f3 Bd7 13. Na4 Nh5 14. Be1 Nf4
15. Qd2 Ne5 16. Nxb6 axb6 17. Kb1 Ne6 18. Bf2 Nc5 19. Nd4 Be6 20. b3 O-O-O 21.
Qc3 Kb8 22. a4 Rhf8 23. Bb5 Bc8 24. Rhe1 c6 25. Bf1 Qc7 26. Bg3 f6 27. Rd2 h5
28. h4 g4 29. f4 Ng6 30. Bc4 Rde8 31. Rde2 Ka7 32. b4 Na6 33. Bd3 Qg7 34. Bxa6
Kxa6 35. b5+ Ka7 36. bxc6 bxc6 37. Qxc6 Bb7 38. Nb5+ Ka6 39. Nc7+ Ka7 40. Nxe8 1-0

[Event "Dutch Open 2015"]
[Site "Dieren NED"]
[Date "2015.07.22"]
[Round "2.14"]
[White "Lopez, Jasel"]
[Black "Brandenburg, Daan"]
[Result "0-1"]
[WhiteTitle "FM"]
[BlackTitle "GM"]
[WhiteElo "2210"]
[BlackElo "2511"]
[WhiteFideId "15900045"]
[BlackFideId "1011014"]
[EventDate "2015.07.21"]

1. d4 Nf6 2. c4 c5 3. d5 b5 4. cxb5 a6 5. bxa6 g6 6. Nc3 Bg7 7. Nf3 O-O 8. e4
Qa5 9. Nd2 Bxa6 10. Be2 d6 11. O-O Bxe2 12. Qxe2 Nbd7 13. Nc4 Qa6 14. a4 Rfb8
15. Ra3 Rb4 16. Nb5 Nb6 17. b3 Qb7 18. Qc2 Nxc4 19. bxc4 Nd7 20. a5 Ne5 21. Ra4
Qc8 22. Be3 Rb2 23. Qc1 Qb7 24. Qxb2 Nf3+ 25. gxf3 Bxb2 26. Rb1 Bf6 27. Rb3 Qc8
28. a6 Rxa6 29. Na7 Rxa7 30. Rxa7 Kg7 31. Kg2 g5 32. Rbb7 Kg6 33. Rc7 Qb8 34.
Rcb7 Qc8 35. Rc7 Qb8 36. Rab7 Qa8 37. e5 Bxe5 38. Rxe7 Qa6 39. Rxf7 Qxc4 40.
Rxh7 Qxd5 41. h4 g4 42. h5+ Kf5 43. Rhf7+ Bf6 44. h6 gxf3+ 45. Kg3 Kg6 46. Rxf6+
Kxf6 47. h7 Qh5 48. Bc1 Kf5 49. Rf7+ Qxf7 50. h8=Q Qg6+ 51. Kxf3 Qg4+ 52. Ke3
Qf4+ 53. Kd3 Qxc1 54. Qf8+ Kg4 55. Ke2 Qc4+ 56. Ke3 Qd4+ 57. Ke2 Qe5+ 58. Kf1
Qf4 59. Qg8+ Kf5 60. Qd5+ Kf6 61. f3 c4 62. Qa8 Ke5 63. Ke2 Qf5 64. Qh8+ Qf6 65.
Qb8 Kf4 66. Qb6 Qe6+ 67. Kf2 Qe5 68. Qc6 Qe3+ 69. Kg2 Qd2+ 70. Kg1 Kg3 0-1

[Event "Dutch Open 2015"]
[Site "Dieren NED"]
[Date "2015.07.22"]
[Round "2.15"]
[White "Bakker, Guido"]
[Black "Goudriaan, Etienne"]
[Result "1/2-1/2"]
[BlackTitle "IM"]
[WhiteElo "2117"]
[BlackElo "2376"]
[WhiteFideId "1027875"]
[BlackFideId "1021150"]
[EventDate "2015.07.21"]

1. d4 Nf6 2. c4 e6 3. Nf3 d5 4. Nc3 c6 5. e3 Nbd7 6. b3 Bd6 7. Bb2 O-O 8. Be2 b6
9. O-O Bb7 10. cxd5 cxd5 11. Rc1 a6 12. Bd3 Ne4 13. Ne2 Qb8 14. Ng3 f5 15. Qe2
h6 16. Rc2 g5 17. Rfc1 Rf7 18. Ne1 Ndf6 19. Nf1 Ng4 20. Bxe4 dxe4 21. Qc4 Re7
22. h3 Nf6 23. Nd2 b5 24. Qe2 Bd5 25. a3 Qe8 26. Rc3 Rg7 27. b4 g4 28. h4 g3 29.
f4 Rg4 30. Nf1 Bc4 31. Rxc4 bxc4 32. d5 Nxd5 33. Qxc4 Bf8 34. Nc2 Rc8 35. Qxa6
Rc6 36. Qe2 Qc8 37. b5 Rc4 38. Qd2 Bg7 39. Nb4 Bxb2 40. Rxc4 Qxc4 41. Nxd5 Rxh4
42. Nxg3 Qc1+ 43. Qxc1 Bxc1 44. Nxf5 exd5 45. b6 Bxe3+ 46. Nxe3 Rxf4 47. Nxd5
Rf8 48. a4 Kf7 49. Nc3 e3 50. Kf1 Ke6+ 51. Ke2 Rf2+ 52. Kxe3 Rxg2 53. a5 Kd6 54.
a6 Kc6 55. b7 Rg8 56. Ne4 Re8 57. Kf4 Kb6 58. Nc5 Ka7 59. Nd7 1/2-1/2

[Event "Dutch Open 2015"]
[Site "Dieren NED"]
[Date "2015.07.22"]
[Round "2.16"]
[White "Zwirs, Nico"]
[Black "Boersma, Jan"]
[Result "1-0"]
[WhiteElo "2346"]
[BlackElo "2119"]
[WhiteFideId "1036432"]
[BlackFideId "1003267"]
[EventDate "2015.07.21"]

1. e4 c5 2. Nf3 g6 3. g3 Nc6 4. Bg2 Nf6 5. Nc3 d6 6. O-O Bg7 7. Re1 O-O 8. d3
Rb8 9. a4 a6 10. e5 dxe5 11. Nxe5 Nxe5 12. Rxe5 Bg4 13. Qe1 Nd7 14. Rxe7 Ne5 15.
Rxe5 Bxe5 16. h3 Re8 17. hxg4 Bxg3 18. Ne4 Be5 19. Qe3 c4 20. Qf3 cxd3 21. Bg5
Qb6 22. cxd3 Qxb2 23. Nf6+ Kh8 24. Re1 Qc3 25. Rc1 1-0

[Event "Dutch Open 2015"]
[Site "Dieren NED"]
[Date "2015.07.22"]
[Round "2.17"]
[White "Harff, Marcel"]
[Black "Parnali, S Dharia"]
[Result "1-0"]
[WhiteTitle "FM"]
[BlackTitle "WIM"]
[WhiteElo "2313"]
[BlackElo "2056"]
[WhiteFideId "24621382"]
[BlackFideId "5043131"]
[EventDate "2015.07.21"]

1. c4 e6 2. g3 d5 3. Bg2 Nf6 4. Nf3 Be7 5. O-O O-O 6. b3 Nbd7 7. Bb2 c6 8. Nc3
Qc7 9. Rc1 Qb8 10. d3 b5 11. cxb5 cxb5 12. Nd4 Bc5 13. Ndxb5 Ba6 14. Na3 Qd6 15.
Nc2 Rfc8 16. Na4 Rab8 17. Nxc5 Qxc5 18. Qd2 e5 19. d4 Qe7 20. dxe5 Nxe5 21. Nd4
Ne4 22. Qa5 Rxc1 23. Rxc1 Qf6 24. f3 Bxe2 25. fxe4 Nd3 26. Nxe2 Qf2+ 27. Kh1
Qxe2 28. Qxa7 Rf8 29. Qd4 Nxb2 30. exd5 Nd3 31. Rf1 Rc8 32. Qa7 Ne5 33. Qb7 Re8
34. a4 Ng4 35. Qxf7+ 1-0

[Event "Dutch Open 2015"]
[Site "Dieren NED"]
[Date "2015.07.22"]
[Round "2.18"]
[White "Buckels, Valentin"]
[Black "Kolbus, Dietmar"]
[Result "1/2-1/2"]
[BlackTitle "IM"]
[WhiteElo "2152"]
[BlackElo "2309"]
[WhiteFideId "12942766"]
[BlackFideId "4610628"]
[EventDate "2015.07.21"]

1. d4 Nf6 2. c4 g6 3. Nf3 Bg7 4. g3 O-O 5. Bg2 d5 6. cxd5 Nxd5 7. Nc3 Nb6 8. O-O
Nc6 9. d5 Na5 10. Qc2 e6 11. dxe6 Bxe6 12. Rd1 Qc8 13. Bf4 Nc6 14. Qc1 Rd8 15.
Ng5 Rxd1+ 16. Qxd1 Bc4 17. Rc1 h6 18. Bh3 Qf8 19. Nf3 Rd8 20. Qc2 Nb4 21. Qb1
Bxc3 22. bxc3 N4d5 23. Be5 Bxe2 24. Nd4 Qe8 25. Bxc7 Nxc7 26. Re1 Qa4 27. Rxe2
Re8 28. Qe1 Rxe2 29. Qxe2 Qc4 30. Qxc4 Nxc4 31. Bg2 Nd6 32. Kf1 Kf8 33. Ke2 Ke8
34. Kd3 Kd7 35. h4 Na6 36. Nb3 b6 37. a3 Nc5+ 38. Nxc5+ bxc5 39. Bd5 g5 40. hxg5
hxg5 41. g4 f6 42. a4 Kc7 43. a5 Kd7 44. Ke3 Nb5 45. Kd3 Nd6 46. Ke3 Nb5 1/2-1/2

[Event "Dutch Open 2015"]
[Site "Dieren NED"]
[Date "2015.07.22"]
[Round "2.19"]
[White "Yankelevich, Lev"]
[Black "Evengroen, Jan"]
[Result "1-0"]
[WhiteElo "2420"]
[BlackElo "2123"]
[WhiteFideId "24684074"]
[BlackFideId "1024353"]
[EventDate "2015.07.21"]

1. d4 d5 2. c4 dxc4 3. e3 e5 4. Bxc4 exd4 5. exd4 Nf6 6. Qb3 Qe7+ 7. Ne2 Qb4+ 8.
Nbc3 Qxb3 9. Bxb3 c6 10. Bg5 Nbd7 11. O-O-O Bb4 12. a3 Ba5 13. f3 O-O 14. g4 b5
15. Bd2 Nb6 16. Rhe1 Nc4 17. Bxc4 bxc4 18. g5 Nd5 19. Nxd5 Bxd2+ 20. Rxd2 cxd5
21. Nc3 Be6 22. Re5 Rfd8 23. h4 Rab8 24. h5 g6 25. Rde2 Kg7 26. h6+ Kf8 27. Na4
Rd6 28. Nc5 Ke7 29. Kc2 Rbb6 30. R5e3 Rb5 31. b3 cxb3+ 32. Rxb3 Rxb3 33. Nxb3
Rc6+ 34. Nc5 Kd6 35. Re3 Bf5+ 36. Kd2 Rb6 37. Re8 Rb2+ 38. Ke3 Rc2 39. Rh8 Rc3+
40. Kf2 Rc4 41. Rxh7 Rxd4 42. Rxf7 Rh4 43. Nb3 Ke5 44. Rxa7 d4 45. Ra4 Rh2+ 46.
Kg3 Rh3+ 47. Kg2 Rh5 48. Nxd4 Rxg5+ 49. Kf2 Rh5 50. Ke3 Rxh6 51. Ra5+ Kf6 52.
Nxf5 Rh5 53. Ra6+ 1-0

[Event "Dutch Open 2015"]
[Site "Dieren NED"]
[Date "2015.07.22"]
[Round "2.20"]
[White "Bhattacharjee, Sourav"]
[Black "Lecomte, Robin"]
[Result "0-1"]
[WhiteElo "2119"]
[BlackElo "2331"]
[WhiteFideId "1048090"]
[BlackFideId "1037170"]
[EventDate "2015.07.21"]

1. d4 d5 2. c4 c6 3. Nc3 dxc4 4. a4 e5 5. dxe5 Qxd1+ 6. Kxd1 Be6 7. Nf3 Nd7 8.
Bf4 O-O-O 9. Ke1 Bb4 10. Nd4 Nc5 11. Nxe6 Nxe6 12. Be3 Ne7 13. Rc1 Kb8 14. f3
Nf5 15. Bf2 Nfd4 16. Bxd4 Nxd4 17. e3 Nb3 18. Rc2 b5 19. Kf2 Bxc3 20. bxc3 Rd5
21. f4 Rhd8 22. Be2 Rd2 23. Rxd2 Rxd2 24. axb5 cxb5 25. Rd1 a5 26. f5 Kc7 27. f6
gxf6 28. exf6 a4 29. Ke1 Rxd1+ 30. Kxd1 a3 0-1

[Event "Dutch Open 2015"]
[Site "Dieren NED"]
[Date "2015.07.23"]
[Round "3.1"]
[White "L'Ami, Erwin"]
[Black "Beerdsen, Thomas"]
[Result "1/2-1/2"]
[WhiteTitle "GM"]
[BlackTitle "FM"]
[WhiteElo "2628"]
[BlackElo "2317"]
[WhiteFideId "1007998"]
[BlackFideId "1030108"]
[EventDate "2015.07.21"]

1. d4 Nf6 2. c4 e6 3. Nc3 Bb4 4. Qc2 d5 5. cxd5 exd5 6. Bg5 c5 7. dxc5 Be6 8. e3
O-O 9. Bd3 h6 10. Bf4 Bxc5 11. Nf3 Nc6 12. O-O Rc8 13. Rfd1 Qe7 14. Ne5 Nxe5 15.
Bxe5 Bg4 16. Bxf6 Qxf6 17. Be2 Be6 18. Qa4 Rfd8 19. Bf3 Qe5 20. Qb5 d4 21. exd4
Bxd4 22. Qxe5 Bxe5 23. Bxb7 Rxd1+ 24. Rxd1 Rb8 25. Bd5 Bxd5 26. Nxd5 Rxb2 27. f4
Bd6 28. Nf6+ gxf6 29. Rxd6 Rxa2 30. Rxf6 Kg7 31. Rc6 Ra4 32. h3 Rxf4 33. Ra6 Rb4
34. Rxa7 1/2-1/2

[Event "Dutch Open 2015"]
[Site "Dieren NED"]
[Date "2015.07.23"]
[Round "3.2"]
[White "Kollen, Zyon"]
[Black "Reinderman, Dimitri"]
[Result "0-1"]
[BlackTitle "GM"]
[WhiteElo "2220"]
[BlackElo "2584"]
[WhiteFideId "1024256"]
[BlackFideId "1001302"]
[EventDate "2015.07.21"]

1. e4 c5 2. Nf3 a6 3. c3 e6 4. d4 d5 5. exd5 exd5 6. Be2 Nc6 7. O-O cxd4 8. Nxd4
Bd6 9. Re1 Nge7 10. Nd2 Nxd4 11. cxd4 O-O 12. Nf3 Qb6 13. b3 h6 14. Bd3 Bg4 15.
Bb2 Nc6 16. h3 Bh5 17. g4 Bg6 18. Ne5 Bxd3 19. Qxd3 Rad8 20. Kg2 Ne7 21. f4 f6
22. Nf3 Nc6 23. f5 Bb8 24. Qd2 Qc7 25. Qf2 Rfe8 26. Rxe8+ Rxe8 27. Re1 Re4 28.
Kf1 Nb4 29. Rc1 Qd7 30. Rc3 Nxa2 31. Rc5 b6 32. Rc2 Nb4 33. Rc3 Bf4 34. Nh4 Na2
35. Rc2 Qb5+ 36. Kg2 Nb4 37. Rc8+ Kf7 38. Ng6 Bd6 39. Kg1 Qd3 40. Bc3 Qxh3 0-1

[Event "Dutch Open 2015"]
[Site "Dieren NED"]
[Date "2015.07.23"]
[Round "3.3"]
[White "Lentjes, Noud"]
[Black "Ikonnikov, Vyacheslav"]
[Result "0-1"]
[BlackTitle "GM"]
[WhiteElo "2116"]
[BlackElo "2527"]
[WhiteFideId "1029827"]
[BlackFideId "4100972"]
[EventDate "2015.07.21"]

1. e4 c5 2. Nf3 a6 3. c4 d6 4. d4 Bg4 5. dxc5 Bxf3 6. Qxf3 dxc5 7. Nc3 Nc6 8.
Be3 e6 9. Qg3 Nf6 10. f4 Nb4 11. Rc1 Nd3+ 12. Bxd3 Qxd3 13. Qf3 O-O-O 14. Qe2
Nxe4 15. Qxd3 Rxd3 16. Ke2 Nxc3+ 17. Kxd3 Nxa2 18. Rcd1 Nb4+ 19. Ke4 Be7 20. Rd2
g6 21. Rhd1 h5 22. g3 Nc6 23. Rd7 Re8 24. R7d3 f5+ 25. Kf3 e5 26. Rd5 e4+ 27.
Kg2 b6 28. h3 Na5 29. b3 Nxb3 30. Re5 Rd8 31. Rb1 Rd3 32. Rxe7 Rxe3 33. g4 a5
34. gxh5 gxh5 35. Rg1 Rd3 36. Kf2 Rd7 37. Rg8+ Kc7 38. Ree8 Nd2 39. Rc8+ Kb7 40.
Rb8+ Ka6 41. Ra8+ Ra7 42. Rxa7+ Kxa7 43. Rg5 a4 44. Rxh5 a3 45. Rxf5 Nxc4 46.
Rg5 b5 47. h4 a2 48. Rg1 b4 49. h5 Nd6 50. h6 Kb6 0-1

[Event "Dutch Open 2015"]
[Site "Dieren NED"]
[Date "2015.07.23"]
[Round "3.4"]
[White "Beukema, Stefan"]
[Black "Beukema, Jasper"]
[Result "1-0"]
[WhiteTitle "FM"]
[WhiteElo "2363"]
[BlackElo "1942"]
[WhiteFideId "1024523"]
[BlackFideId "1032984"]
[EventDate "2015.07.21"]

1. f4 d5 2. Nf3 Nf6 3. g3 c5 4. Bg2 Nc6 5. O-O g6 6. d3 Bg7 7. c3 O-O 8. Qe1 Re8
9. e4 e5 10. f5 gxf5 11. Nh4 fxe4 12. dxe4 Ne7 13. Bg5 Nxe4 14. Bxe4 dxe4 15.
Nd2 h6 16. Bxe7 Qxe7 17. Nxe4 Bg4 18. Nf5 Bxf5 19. Rxf5 b6 20. Qe3 f6 21. Raf1
Rf8 22. Nf2 Qf7 23. Ng4 Qg6 24. Qe4 Kh7 25. h4 Kg8 26. h5 Qf7 27. Nxf6+ Kh8 28.
Nh7 1-0

[Event "Dutch Open 2015"]
[Site "Dieren NED"]
[Date "2015.07.23"]
[Round "3.5"]
[White "Moradiabadi, Elshan"]
[Black "Bollen, Guus"]
[Result "1-0"]
[WhiteTitle "GM"]
[WhiteElo "2567"]
[BlackElo "2088"]
[WhiteFideId "12501255"]
[BlackFideId "1027883"]
[EventDate "2015.07.21"]

1. d4 f5 2. g3 Nf6 3. Bg2 e6 4. c4 Be7 5. Nf3 O-O 6. O-O d6 7. b3 Ne4 8. Bb2 Bf6
9. Nbd2 c5 10. Qc2 Nxd2 11. Qxd2 Qc7 12. Rad1 Nc6 13. d5 Ne5 14. Nxe5 dxe5 15.
d6 Qd7 16. Qe3 e4 17. Bxf6 Rxf6 18. Qxc5 b6 19. Qd4 Bb7 20. Rd2 Rc8 21. Rfd1 Rh6
22. b4 e5 23. Qxe5 Rxc4 24. e3 a6 25. Bf1 Rc8 26. b5 Re6 27. Qxf5 Rc5 28. Qxe6+
Qxe6 29. d7 Rc8 30. d8=Q+ 1-0

[Event "Dutch Open 2015"]
[Site "Dieren NED"]
[Date "2015.07.23"]
[Round "3.6"]
[White "Vereggen, Lars"]
[Black "Van Foreest, Jorden"]
[Result "0-1"]
[WhiteTitle "FM"]
[BlackTitle "IM"]
[WhiteElo "2314"]
[BlackElo "2514"]
[WhiteFideId "1029258"]
[BlackFideId "1039784"]
[EventDate "2015.07.21"]

1. Nf3 Nf6 2. c4 b6 3. g3 Bb7 4. Bg2 g6 5. Nc3 Bg7 6. O-O O-O 7. d4 Ne4 8. Nd5
e6 9. Nf4 d5 10. Qc2 Nc6 11. Be3 Nd6 12. cxd5 Nb4 13. Qd2 Nxd5 14. Nxd5 Bxd5 15.
Bh6 Bxh6 16. Qxh6 Nf5 17. Qf4 Bxf3 18. Qxf3 Qxd4 19. b3 Rad8 20. Qb7 Qe5 21.
Qxa7 Rd2 22. Rac1 Rxe2 23. Qxc7 Qxc7 24. Rxc7 Rxa2 25. Rb7 Rd8 26. Rxb6 Rdd2 27.
Bb7 Rab2 28. b4 Nd4 29. Be4 Ne2+ 30. Kg2 Nc3 31. Bf3 e5 32. Rc6 Rdc2 33. Rc8+
Kg7 34. b5 Nxb5 35. Rxc2 Rxc2 36. Be4 Rd2 37. Rc1 Nd6 38. Bb1 e4 39. Re1 f5 40.
g4 Kf6 41. Kf1 Ke5 42. gxf5 gxf5 43. Rc1 Kf4 44. Bc2 Nf7 45. Bd1 Ne5 46. Be2 Rb2
47. Rc3 Rb1+ 48. Kg2 Re1 49. Bh5 Nd3 50. f3 Re2+ 51. Kg1 e3 52. Rxd3 Rd2 0-1

[Event "Dutch Open 2015"]
[Site "Dieren NED"]
[Date "2015.07.23"]
[Round "3.7"]
[White "Brandenburg, Daan"]
[Black "Harff, Marcel"]
[Result "1/2-1/2"]
[WhiteTitle "GM"]
[BlackTitle "FM"]
[WhiteElo "2511"]
[BlackElo "2313"]
[WhiteFideId "1011014"]
[BlackFideId "24621382"]
[EventDate "2015.07.21"]

1. e4 e6 2. d4 d5 3. e5 c5 4. c3 Nc6 5. Nf3 Bd7 6. Be2 f6 7. O-O cxd4 8. cxd4
fxe5 9. Nxe5 Nxe5 10. dxe5 g6 11. Bd3 Bg7 12. Re1 Ne7 13. Nc3 O-O 14. Bg5 Qe8
15. Qd2 Qf7 16. Bh4 Nf5 17. Bxf5 Qxf5 18. Bg3 Rac8 19. Qe3 b6 20. Ne2 Rc4 21.
Nd4 Qf7 22. Rac1 Rfc8 23. b3 Rxc1 24. Rxc1 Qf8 25. Rxc8 Qxc8 26. h4 Bf8 27. Qd2
Bc5 28. Nf3 Be8 29. Bf4 a5 30. Be3 Bb4 31. Qd4 Bc5 32. Qc3 Bd7 33. Ng5 a4 34.
bxa4 h6 35. Nf3 Bxa4 36. Qd2 h5 37. Ng5 Bd7 38. g3 Qb8 39. Bxc5 bxc5 40. Qc2
Qxe5 41. Qxc5 Qe1+ 42. Kg2 d4 43. Qxd4 Bc6+ 44. f3 Qe2+ 45. Qf2 Qc4 46. Qd2 Bd5
47. a3 e5 48. Qb2 e4 49. Qb8+ Kg7 50. Qe5+ Kg8 51. Qe8+ Kg7 52. Qe7+ Kg8 53.
Qh7+ Kf8 54. Qh8+ Ke7 55. Qg7+ Kd8 56. Qf8+ Kd7 57. Nxe4 Bxe4 58. fxe4 Qe2+ 59.
Qf2 Qxe4+ 60. Kh2 Ke7 61. Qd2 Qc6 62. Qe2+ Kf8 63. Qb2 Qa6 64. Kg1 Kg8 65. Qa2+
Kg7 66. a4 Qa5 67. Kf2 Qc5+ 68. Kf1 Qf5+ 69. Kg2 Qa5 70. Qc2 Qd5+ 71. Kf2 Qd4+
72. Kf3 Qd5+ 73. Qe4 Qd1+ 74. Kf2 Qd2+ 75. Kg1 Qd1+ 76. Kh2 Qd2+ 77. Qg2 Qb4 78.
Qa2 Qa5 79. Kg2 Qa8+ 80. Kf2 Qa7+ 81. Ke2 Qe7+ 82. Kf1 Qe3 83. Kg2 g5 84. Qb2+
Kg8 85. Qb8+ Kf7 86. Qb7+ Ke6 87. Qc6+ Ke7 88. hxg5 Qe2+ 89. Kh3 Qg4+ 90. Kh2 h4
91. Qc7+ Ke8 92. Qe5+ Kd7 93. Qb5+ Ke7 94. gxh4 Qxh4+ 95. Kg2 Qg4+ 96. Kf2 Qf4+
97. Ke2 Qg4+ 98. Kd2 Qf4+ 99. Kc2 Qf2+ 100. Kd3 Qf3+ 101. Kd4 Qf4+ 102. Kc3 Qc1+
103. Kd3 Qf1+ 104. Ke4 Qg2+ 105. Kd4 Qd2+ 106. Ke4 Qg2+ 107. Kf5 Qf3+ 108. Ke5
Qe3+ 109. Kd5 Qxg5+ 110. Kc6 Qc1+ 111. Kb7 Kd6 112. Qb6+ Kd7 113. Qd4+ Ke8 114.
Qe5+ Kd7 115. Qd5+ Ke7 116. a5 Qb2+ 117. Ka7 Qf2+ 118. Kb8 Qf4+ 119. Kb7 Qb4+
120. Ka7 Kf6 121. Qc6+ Kg5 122. a6 Kh4 123. Ka8 Kh5 124. Qb7 Qd4 125. Qb5+ Kh4
126. Kb7 Qe4+ 127. Kc7 Qf4+ 128. Kc6 Qf6+ 129. Kc5 Qf2+ 130. Kb4 Qd2+ 131. Kb3
Qd1+ 132. Kc4 Qe2+ 133. Kc5 Qe7+ 134. Kd5 Qf7+ 135. Kd6 Qf6+ 136. Kc7 Qf4+ 137.
Kb7 Qf7+ 138. Kb6 Qf6+ 139. Qc6 Qd8+ 140. Kb5 Qb8+ 141. Qb6 Qe8+ 142. Ka5 Qe5+
143. Qb5 Qc7+ 144. Kb4 Qd6+ 145. Kb3 Qd1+ 146. Kc3 Qe1+ 147. Kc4 Qe4+ 148. Kc5
Qe5+ 149. Kb6 Qb8+ 150. Ka5 Qc7+ 151. Kb4 Qd6+ 152. Kc4 Qf4+ 153. Kb3 Qf3+ 154.
Kb4 Qf8+ 155. Ka4 Qf2 156. Qc4+ Kh3 157. Qc8+ Kg2 158. Qb7+ Kf1 159. Qd5 Qe3
160. Qf7+ Ke1 161. a7 Qd4+ 162. Kb5 Qb2+ 163. Kc6 Qc3+ 164. Kd6 Qd4+ 165. Ke6
Qe4+ 166. Kf6 Qd4+ 167. Kg6 Qg4+ 168. Kh7 Qh4+ 169. Kg7 Qg5+ 170. Kf8 Qh6+ 171.
Ke8 Qc6+ 172. Qd7 Qa8+ 173. Ke7 Kf1 174. Qb5+ Kg2 175. Qb1 1/2-1/2

[Event "Dutch Open 2015"]
[Site "Dieren NED"]
[Date "2015.07.23"]
[Round "3.8"]
[White "Miedema, David"]
[Black "Beeke, Bob"]
[Result "1-0"]
[WhiteTitle "IM"]
[WhiteElo "2356"]
[BlackElo "2247"]
[WhiteFideId "1018477"]
[BlackFideId "1011634"]
[EventDate "2015.07.21"]

1. d4 d5 2. c4 c6 3. Nc3 Nf6 4. e3 a6 5. Qc2 b5 6. b3 Bg4 7. Nge2 g6 8. Ng3 h5
9. h3 Be6 10. h4 Bg7 11. Bd2 Nbd7 12. cxd5 cxd5 13. a4 b4 14. Nce2 a5 15. Nf4
Rc8 16. Qb1 Nf8 17. Ba6 Rc7 18. O-O Qd6 19. Qd3 N8d7 20. Rfc1 Rxc1+ 21. Rxc1 O-O
22. Bc8 Bg4 23. Qb5 e5 24. dxe5 Nxe5 25. Bxg4 Nexg4 26. Qxa5 Rb8 27. Qc7 Qf8 28.
f3 Nh6 29. a5 Qe8 30. a6 1-0